| 000 | 00966cab a2200277 4500 | ||
|---|---|---|---|
| 001 | ABS59391 | ||
| 008 | 090401t1998 xxu||||| |||| 00| 0 eng d | ||
| 035 | _a(Sirsi) u89171 | ||
| 041 | _aeng | ||
| 100 | _aAtkinson, D. | ||
| 245 | _aDiscounting dilemma | ||
| 260 | _c1998 | ||
| 350 | _a0 | ||
| 490 |
_aConstruction News _v(6585) 1 October 1998, 22(1) |
||
| 520 | _aExamines through case law how confict can arise over subcontract discounts, and whether they are totally unconditional or reliant on certain acts, such as prompt payment. | ||
| 650 | _aBUILT ENVIRONMENT-BUILDING CONTRACT FORMS | ||
| 650 | _aCONTRACT CONDITIONS | ||
| 650 | _aDISCOUNT | ||
| 650 | _aNORWEST HOLST CONSTRUCTION LTD V CWS | ||
| 650 | _aSUBCONTRACTS | ||
| 650 | _aTEAM SERVICES PLC V KIER MANAGEMENT AND DESIGN | ||
| 650 | _aWESCOL STRUCTURES LTD V MILLER CONSTRUCTION LTD | ||
| 690 | _aBUILT ENVIRONMENT-BUILDING CONTRACT FORMS | ||
| 942 | _n0 | ||
| 948 | _c21/10/1998 | ||
| 999 |
_c56391 _d56391 |
||